000
00239nam a2200085Ia 4500
245
0
_a
South African poultry dishes
100
_a
Van Wyk, Magdaleen Cape Town, 1989
_9
103453
942
_c
BK
008
210818s9999 xx 000 0 und d
999
_c
457209
_d
457207